Aritmética práctica / (Registro nro. 10401)
[ vista simple ]
| 000 -CABECERA | |
|---|---|
| campo de control de longitud fija | 00548cam a2200181 a 4500 |
| 001 - NÚMERO DE CONTROL | |
| campo de control | 000010643 |
| 005 - FECHA Y HORA DE LA ÚLTIMA TRANSACCIÓN | |
| campo de control | 20250808085010.0 |
| 008 - DATOS DE LONGITUD FIJA--INFORMACIÓN GENERAL | |
| campo de control de longitud fija | 810327s1901 mau 000 0 spa |
| 040 ## - FUENTE DE LA CATALOGACIÓN | |
| Centro catalogador/agencia de origen | DO-SdBNP |
| Lengua de catalogación | spa |
| Centro/agencia transcriptor | LC |
| Centro/agencia modificador | BNPHU |
| 082 ## - NÚMERO DE LA CLASIFICACIÓN DECIMAL DEWEY | |
| Número de clasificación | 510 |
| Número de documento/Ítem | W477a |
| 049 ## - FONDOS LOCALES (OCLC) | |
| Fondos de biblioteca | BNGR |
| 100 1# - ENTRADA PRINCIPAL--NOMBRE DE PERSONA | |
| Nombre de persona | Wentworth, G. A. |
| Forma completa/desarrollada del nombre | (George Albert), |
| Fechas asociadas al nombre | 1835-1906. |
| 9 (RLIN) | 25767 |
| 245 10 - MENCIÓN DE TÍTULO | |
| Título | Aritmética práctica / |
| Mención de responsabilidad, etc. | G. A. Wentworth. |
| 260 ## - PUBLICACIÓN, DISTRIBUCIÓN, ETC. | |
| Lugar de publicación, distribución, etc. | Boston : |
| Nombre del editor, distribuidor, etc. | Ginn y Compañía, |
| Fecha de publicación, distribución, etc. | [1901]. |
| 300 ## - DESCRIPCIÓN FÍSICA | |
| Extensión | 328 ii-xxxviii p. ; |
| Dimensiones | 19 cm. |
| 650 #0 - PUNTO DE ACCESO ADICIONAL DE MATERIA--TÉRMINO DE MATERIA | |
| Término de materia o nombre geográfico como elemento de entrada | Aritmética |
| 9 (RLIN) | 25768 |
| 910 ## - DATOS DE OPCIÓN DEL USUARIO (OCLC) | |
| Datos de opción del usuario | Catalogación derivada |
| Estado de retiro | Estado de pérdida | Restricciones de uso | No para préstamo | Código de colección | Localización permanente | Ubicación/localización actual | Ubicación en estantería | Fecha de adquisición | Número de inventario | Total de préstamos | Signatura topográfica completa | Código de barras | Fecha visto por última vez | Precio válido a partir de | Tipo de ítem Koha |
|---|---|---|---|---|---|---|---|---|---|---|---|---|---|---|---|
| Préstamo interno | Monografías: Libros y Folletos | General | General | En catalogación | 08.10.2009 | LF1 | 510 W477a | 10643-10 | 25.06.2020 | 25.06.2020 | Préstamo interno |
